| 000 | 00467nam a22001937a 4500 | ||
|---|---|---|---|
| 003 | MPLRDC | ||
| 005 | 20220104124126.0 | ||
| 008 | 210129b ||||| |||| 00| 0 eng d | ||
| 020 | _a957-459-353-3 | ||
| 082 | _a428 XQ | ||
| 100 | _a向秋主编 | ||
| 245 |
_a妙手妈咪VS1岁宝宝 _c |
||
| 250 | _a初版 | ||
| 260 |
_a台湾 _b华文网股份有限公司 _c2002 |
||
| 300 | _b269 | ||
| 490 | _a育儿看版: 02 | ||
| 650 | _a育儿 | ||
| 942 |
_cBK _o428 XQ |
||
| 999 |
_c16838 _d16828 |
||